[Event "Havana U20"]
[Site "Havana"]
[Date "2024.08.17"]
[Round "9"]
[White "Borroto Fajardo, Alian Alberto"]
[Black "Hidalgo Diaz, Daniel"]
[Result "1/2-1/2"]
[WhiteElo "2254"]
[BlackElo "2353"]
[PlyCount "33"]
[EventDate "2024.08.13"]
[EventType "tourn"]
[EventRounds "11"]
[EventCountry "CUB"]
[SourceTitle "EXT 2025"]
[Source "ChessBase"]
[SourceDate "2024.10.14"]
[SourceVersion "1"]
[SourceVersionDate "2024.10.14"]
[SourceQuality "1"]

1. e4 e6 2. d4 d5 3. Nd2 c5 4. exd5 Qxd5 5. dxc5 Bxc5 6. Ngf3 Nf6 7. Bc4 Qc6 8. Qe2 a6 9. Nb3 0-0 10. Nxc5 Qxc5 11. 0-0 Nbd7 12. a4 b6 13. b3 Re8 14. Bb2 Bb7 15. Ne5 Nxe5 16. Qxe5 Qxe5 17. Bxe5 1/2-1/2

[Event "Havana U20"]
[Site "Havana"]
[Date "2024.08.17"]
[Round "10"]
[White "Morales Lezcano, Dariel"]
[Black "Borroto Fajardo, Alian Alberto"]
[Result "1/2-1/2"]
[WhiteElo "2065"]
[BlackElo "2254"]
[PlyCount "109"]
[EventDate "2024.08.13"]
[EventType "tourn"]
[EventRounds "11"]
[EventCountry "CUB"]
[SourceTitle "EXT 2025"]
[Source "ChessBase"]
[SourceDate "2024.10.14"]
[SourceVersion "1"]
[SourceVersionDate "2024.10.14"]
[SourceQuality "1"]

1. e4 e6 2. d4 d5 3. Nd2 c5 4. exd5 Qxd5 5. Ngf3 cxd4 6. Bc4 Qd7 7. 0-0 Nc6 8. Nb3 a6 9. a4 Qc7 10. Qe2 Bd6 11. Rd1 Nge7 12. Nbxd4 Bd7 13. b3 Ne5 14. Bb2 Nxc4 15. bxc4 0-0 16. Nb3 Bc6 17. h4 Nf5 18. h5 Rfd8 19. Ne5 Be8 20. Ng4 Bf8 21. Nd4 Qf4 22. Nxe6 fxe6 23. Qxe6+ Kh8 24. Nf6 Ne7 25. Rxd8 Rxd8 26. Nxe8 Rxe8 27. Re1 Rd8 28. h6 Ng6 29. Qb6 Rd7 30. Qe6 Rd8 31. Qb6 Qd2 32. Re3 Qd1+ 33. Kh2 Qd6+ 34. Qxd6 Bxd6+ 35. g3 Bf8 36. Rb3 Rd7 37. c5 Bxc5 38. Rc3 b6 39. a5 Kg8 40. axb6 Bxb6 41. Rc6 Bc7 42. hxg7 Be5 43. Bxe5 Nxe5 44. Rxa6 Kxg7 45. f4 Nf7 46. Rc6 Nd6 47. Kh3 Nf5 48. g4 Nd4 49. Rc8 Ne2 50. f5 Rd1 51. g5 Rg1 52. Rc7+ Kg8 53. Rc8+ Kg7 54. Rc7+ Kg8 55. Rc8+ 1/2-1/2

[Event "Havana U20"]
[Site "Havana"]
[Date "2024.08.15"]
[Round "6"]
[White "Almaguel Mendez, Adrian Jesus"]
[Black "Borroto Fajardo, Alian Alberto"]
[Result "0-1"]
[WhiteElo "2252"]
[BlackElo "2254"]
[PlyCount "88"]
[EventDate "2024.08.13"]
[EventType "tourn"]
[EventRounds "11"]
[EventCountry "CUB"]
[SourceTitle "EXT 2025"]
[Source "ChessBase"]
[SourceDate "2024.10.14"]
[SourceVersion "1"]
[SourceVersionDate "2024.10.14"]
[SourceQuality "1"]

1. e4 e6 2. d3 d5 3. Nd2 Nc6 4. Ngf3 Nf6 5. g3 dxe4 6. dxe4 e5 7. Bg2 Bc5 8. 0-0 0-0 9. Qe2 a5 10. Nc4 Qe7 11. Bg5 b6 12. Ne3 Ba6 13. c4 Bxe3 14. Bxe3 h6 15. Rfd1 Rad8 16. a3 a4 17. Qc2 Na5 18. Rxd8 Rxd8 19. Qxa4 Bxc4 20. Nd2 Be6 21. h3 Rd6 22. Rc1 Qd8 23. b4 Nb7 24. Qc2 Ne8 25. Bf1 Qd7 26. Kh2 Nd8 27. Qb2 f6 28. Rc3 Nf7 29. Qc2 Ng5 30. h4 Nf7 31. a4 f5 32. Bb5 Qd8 33. exf5 Bd5 34. a5 bxa5 35. bxa5 Nf6 36. Be2 Qa8 37. Rxc7 Qxa5 38. Rc8+ Kh7 39. Nc4 Qe1 40. f3 Ng4+ 41. Kh3 Nxe3 42. Nxe3 Qh1+ 43. Kg4 h5+ 44. Kxh5 Bxf3+ 0-1

[Event "Havana U20"]
[Site "Havana"]
[Date "2024.08.15"]
[Round "5"]
[White "Borroto Fajardo, Alian Alberto"]
[Black "Lafont Linares, Ronny Manuel"]
[Result "0-1"]
[WhiteElo "2254"]
[BlackElo "2226"]
[PlyCount "54"]
[EventDate "2024.08.13"]
[EventType "tourn"]
[EventRounds "11"]
[EventCountry "CUB"]
[SourceTitle "EXT 2025"]
[Source "ChessBase"]
[SourceDate "2024.10.14"]
[SourceVersion "1"]
[SourceVersionDate "2024.10.14"]
[SourceQuality "1"]

1. c4 Nf6 2. g3 e6 3. Bg2 d5 4. Nf3 dxc4 5. Qa4+ Bd7 6. Qxc4 c5 7. Ne5 Qc8 8. Qd3 Nc6 9. Nxd7 Nxd7 10. Nc3 Be7 11. 0-0 0-0 12. b3 Nde5 13. Qb1 Qd7 14. Rd1 f5 15. Bb2 Nd4 16. e3 Ndf3+ 17. Kh1 Qe8 18. d4 Qh5 19. h3 Ng4 20. Qc2 Ng5 21. h4 Ne4 22. Kg1 Bxh4 23. Bf3 Ng5 24. Qe2 Bxg3 25. fxg3 Nxf3+ 26. Qxf3 Qh2+ 27. Kf1 Qxb2 0-1

[Event "Havana U20"]
[Site "Havana"]
[Date "2024.08.14"]
[Round "3"]
[White "Borroto Fajardo, Alian Alberto"]
[Black "Guevara Fernandez, Livan"]
[Result "1-0"]
[WhiteElo "2254"]
[BlackElo "2232"]
[PlyCount "83"]
[EventDate "2024.08.13"]
[EventType "tourn"]
[EventRounds "11"]
[EventCountry "CUB"]
[SourceTitle "EXT 2025"]
[Source "ChessBase"]
[SourceDate "2024.10.14"]
[SourceVersion "1"]
[SourceVersionDate "2024.10.14"]
[SourceQuality "1"]

1. Nf3 b5 2. e4 Bb7 3. Bxb5 Bxe4 4. d4 Nf6 5. 0-0 e6 6. c4 Be7 7. Nc3 Bb7 8. Re1 0-0 9. d5 Ne8 10. Ba4 Na6 11. Ne5 Nc5 12. Bc2 a5 13. Re3 f5 14. Rh3 d6 15. Nd3 Nxd3 16. Bxd3 e5 17. g4 Bc8 18. Bxf5 Bxf5 19. gxf5 Rxf5 20. Qd3 g6 21. Rg3 Ng7 22. Bh6 Bh4 23. Rg4 Bxf2+ 24. Kg2 Qf8 25. Bxg7 Kxg7 26. Rf1 Qf7 27. Ne4 h5 28. Rg5 Rf8 29. Rxf5 gxf5 30. Rxf2 Qg6+ 31. Qg3 h4 32. Qxg6+ Kxg6 33. Nc3 Kg5 34. Kf3 h3 35. Rf1 Rh8 36. Rg1+ Kf6 37. Nb5 e4+ 38. Ke3 Ke5 39. Rg6 f4+ 40. Ke2 Kf5 41. Re6 Rg8 42. Nd4+ 1-0

[Event "Capablanca Memorial op 57th"]
[Site "Havana"]
[Date "2024.05.05"]
[Round "3"]
[White "Yanes Canizares, Alejandro"]
[Black "Borroto Fajardo, Alian Alberto"]
[Result "0-1"]
[WhiteElo "2382"]
[BlackElo "2204"]
[PlyCount "66"]
[EventDate "2024.05.03"]
[EventType "swiss"]
[EventRounds "10"]
[EventCountry "CUB"]
[SourceTitle "EXT 2025"]
[Source "ChessBase"]
[SourceDate "2024.10.14"]
[SourceVersion "1"]
[SourceVersionDate "2024.10.14"]
[SourceQuality "1"]

1. d4 Nf6 2. c4 e6 3. Nc3 Bb4 4. e3 0-0 5. Nge2 d5 6. a3 Be7 7. Ng3 c5 8. dxc5 dxc4 9. Qxd8 Rxd8 10. Bxc4 Bxc5 11. b4 Be7 12. Bb2 Na6 13. Nce4 b6 14. Nxf6+ Bxf6 15. Bxf6 gxf6 16. f4 Bb7 17. Rc1 f5 18. Nh5 Rac8 19. Ke2 Nc7 20. Rcd1 Rxd1 21. Rxd1 Kf8 22. Rd7 Bxg2 23. Ba6 Ra8 24. Kf2 Bc6 25. Rxc7 Rd8 26. b5 Be4 27. Nf6 Rd2+ 28. Ke1 Rxh2 29. Rxa7 h5 30. Nd7+ Kg7 31. Nxb6 h4 32. Re7 h3 33. Bb7 Ra2 0-1

[Event "Guillermo Garcia Memorial op"]
[Site "Santa Clara"]
[Date "2022.05.06"]
[Round "6"]
[White "Borroto Fajardo, Alian Alberto"]
[Black "Saiz Rodriguez, Daniel Evelio"]
[Result "0-1"]
[WhiteElo "2151"]
[BlackElo "2194"]
[PlyCount "54"]
[EventDate "2022.04.30"]
[EventType "swiss"]
[EventRounds "9"]
[EventCountry "CUB"]
[SourceTitle "CBM 208 Extra"]
[Source "ChessBase"]
[SourceDate "2022.07.31"]
[SourceVersion "1"]
[SourceVersionDate "2022.07.31"]
[SourceQuality "1"]

1. e4 c5 2. Nc3 d6 3. f4 Nc6 4. Bb5 Bd7 5. a4 g6 6. Nf3 Bg7 7. 0-0 Nf6 8. d3 0-0 9. Bc4 Bg4 10. Qd2 Bxf3 11. Rxf3 e6 12. Ba2 d5 13. e5 Ne8 14. b3 f6 15. Ba3 fxe5 16. Bxc5 Rxf4 17. Raf1 b6 18. Ba3 Rxf3 19. Rxf3 Nd4 20. Rf1 Rc8 21. Bb2 Qh4 22. g3 Qh5 23. Kg2 Nd6 24. Bb1 N6f5 25. Nd1 Bh6 26. Qe1 Nxc2 27. Qxe5 Nfe3+ 0-1

[Event "Pan American-ch U14"]
[Site "Guayaquil"]
[Date "2019.07.22"]
[Round "3"]
[White "Ramos Proano, Leonardo Josue"]
[Black "Borroto Fajardo, Alian Alberto"]
[Result "1/2-1/2"]
[WhiteElo "1574"]
[BlackElo "2122"]
[PlyCount "104"]
[EventDate "2019.07.21"]
[EventType "swiss"]
[EventRounds "9"]
[EventCountry "ECU"]
[SourceTitle "EXT 2020"]
[Source "ChessBase"]
[SourceDate "2019.10.17"]
[SourceVersion "1"]
[SourceVersionDate "2019.10.17"]
[SourceQuality "1"]

1. f4 d5 2. Nf3 e6 3. g3 f5 4. Bg2 Nf6 5. b3 Bd6 6. Bb2 0-0 7. 0-0 Nbd7 8. h3 a5 9. a4 Qe7 10. Ne5 Ne4 11. Nxd7 Bxd7 12. Kh2 e5 13. d3 Nf6 14. e3 h5 15. Nd2 h4 16. gxh4 c6 17. c4 exf4 18. exf4 Qe3 19. Kh1 Bxf4 20. Qf3 Qxd2 21. Bc1 Qc3 22. Bxf4 Qxb3 23. cxd5 Nxd5 24. Rab1 Qxa4 25. Rxb7 Bc8 26. Rxg7+ Kxg7 27. Be5+ Nf6 28. Qg3+ Kf7 29. Qg5 Ne8 30. Bf3 Qb4 31. Bh5+ Ke6 32. Bxe8 Kxe5 33. Qg7+ Rf6 34. d4+ Qxd4 35. Re1+ Kd5 36. Bf7+ Be6 37. Bxe6+ Rxe6 38. Qd7+ Rd6 39. Qxf5+ Kc4 40. Re4 a4 41. Rxd4+ Rxd4 42. Qc2+ Kb5 43. Qb2+ Rb4 44. Qe2+ Rc4 45. Qb2+ Rb4 46. Qe2+ Kb6 47. Qe3+ Kb5 48. Qd3+ Rc4 49. Qb1+ Ka5 50. Qe1+ Kb5 51. Qe5+ Kb6 52. Qe3+ Kb5 1/2-1/2

[Event "Guillermo Garcia Memorial op 28th"]
[Site "Santa Clara"]
[Date "2019.04.27"]
[Round "5"]
[White "Borroto Fajardo, Alian Alberto"]
[Black "Ibanez Milian, Dagoberto"]
[Result "1/2-1/2"]
[WhiteElo "2009"]
[BlackElo "2210"]
[PlyCount "104"]
[EventDate "2019.04.23"]
[EventType "swiss"]
[EventRounds "9"]
[EventCountry "CUB"]
[SourceTitle "EXT 2020"]
[Source "ChessBase"]
[SourceDate "2019.10.17"]
[SourceVersion "1"]
[SourceVersionDate "2019.10.17"]
[SourceQuality "1"]

1. d4 d5 2. Bf4 Nf6 3. e3 g6 4. Nf3 Bg7 5. h3 Nbd7 6. Nbd2 0-0 7. Be2 b6 8. 0-0 Bb7 9. Ne5 c5 10. c3 a6 11. a4 Ra7 12. Qb3 Ba8 13. Rfd1 e6 14. Qa3 c4 15. b3 cxb3 16. Qxb3 Nxe5 17. Bxe5 Nd7 18. Bg3 Bc6 19. Rab1 Re8 20. c4 Qa8 21. Bf3 dxc4 22. Bxc6 cxb3 23. Bxa8 Raxa8 24. Nxb3 Rac8 25. Rdc1 Bf8 26. Bc7 Bb4 27. Rc4 Bd6 28. Rbc1 Ba3 29. Ra1 Bd6 30. Rac1 Ba3 31. R1c2 e5 32. d5 f5 33. Rc6 Bb4 34. Bd6 Rxc6 35. Rxc6 Bxd6 36. Rxd6 Re7 37. a5 bxa5 38. Rxa6 a4 39. d6 Re8 40. Rxa4 Kf7 41. Ra6 Rb8 42. Nd2 Ke6 43. Nf3 h6 44. Ra7 g5 45. Ra6 Rb1+ 46. Kh2 Rd1 47. Ra8 Rxd6 48. Rh8 Kd5 49. Re8 Re6 50. Rd8 Rd6 51. Re8 Re6 52. Rd8 Rd6 1/2-1/2

[Event "Moncada Cup-F"]
[Site "Santiago de Cuba"]
[Date "2019.03.29"]
[Round "10.3"]
[White "Borroto Fajardo, Alian Alberto"]
[Black "Vispo Silega, Yadiel"]
[Result "1-0"]
[WhiteElo "2009"]
[BlackElo "2049"]
[PlyCount "115"]
[EventDate "2019.03.20"]
[EventType "tourn"]
[EventRounds "10"]
[EventCountry "CUB"]
[SourceTitle "EXT 2023"]
[Source "ChessBase"]
[SourceDate "2022.10.05"]
[SourceVersion "1"]
[SourceVersionDate "2022.10.05"]
[SourceQuality "1"]

1. d4 Nf6 2. Bf4 d6 3. e3 c6 4. Nf3 Nbd7 5. Nbd2 Qc7 6. h3 g6 7. Be2 Bg7 8. 0-0 0-0 9. Bh2 b6 10. c4 e5 11. dxe5 dxe5 12. Qc2 Re8 13. Rfd1 Bb7 14. Rac1 Rad8 15. Ng5 h6 16. Nge4 Nxe4 17. Nxe4 Nf8 18. c5 Ba8 19. Bc4 Ne6 20. b4 Qe7 21. Nd6 Rf8 22. Bb3 Kh7 23. Qc3 Nc7 24. e4 Nb5 25. Nxb5 cxb5 26. Bd5 bxc5 27. Qxc5 Rfe8 28. a3 Qd7 29. Qc7 Re7 30. Qc2 Qe8 31. Bg3 Bxd5 32. exd5 Red7 33. Qc6 a6 34. Qxa6 Rxd5 35. Rxd5 Rxd5 36. Qb7 Rd7 37. Rc7 Rxc7 38. Qxc7 f5 39. f3 e4 40. fxe4 Qxe4 41. Kh2 g5 42. Qc5 f4 43. Bf2 Qd3 44. Qc6 Qe2 45. Qc5 f3 46. Qf5+ Kg8 47. Qxf3 Qxf3 48. gxf3 Kf7 49. Be3 Bb2 50. f4 gxf4 51. Bxf4 Kg6 52. Kg3 h5 53. Bd2 Bxa3 54. Kf4 Kf6 55. Ke4 Ke6 56. Kd4 Kd6 57. Kc3 h4 58. Kb3 1-0

[Event "Moncada Cup-F"]
[Site "Santiago de Cuba"]
[Date "2019.03.27"]
[Round "8.2"]
[White "Borroto Fajardo, Alian Alberto"]
[Black "Garcia Lambert, Hugo"]
[Result "1/2-1/2"]
[WhiteElo "2009"]
[BlackElo "2031"]
[PlyCount "69"]
[EventDate "2019.03.20"]
[EventType "tourn"]
[EventRounds "10"]
[EventCountry "CUB"]
[SourceTitle "EXT 2023"]
[Source "ChessBase"]
[SourceDate "2022.10.05"]
[SourceVersion "1"]
[SourceVersionDate "2022.10.05"]
[SourceQuality "1"]

1. c4 e5 2. g3 Nc6 3. Bg2 g6 4. Nc3 Bg7 5. e4 Nge7 6. Nge2 0-0 7. d3 Nd4 8. 0-0 Nec6 9. Be3 f5 10. f4 d6 11. Qd2 Be6 12. Nd5 Nxe2+ 13. Qxe2 Nd4 14. Bxd4 exd4 15. exf5 Bxf5 16. Ne7+ Kh8 17. Nxf5 gxf5 18. Bxb7 Rb8 19. Bc6 Rb6 20. Qg2 Rf7 21. Rae1 Re7 22. b3 Re3 23. Ba4 Rb8 24. Re2 Qe7 25. Rfe1 Rf8 26. Qf2 c5 27. Kg2 Qb7+ 28. Kg1 Rf7 29. Qg2 Qxg2+ 30. Kxg2 Rxd3 31. Re7 Kg8 32. Bc6 Rxe7 33. Rxe7 Re3 34. Rxe3 dxe3 35. Kf3 1/2-1/2

[Event "Moncada Cup-F"]
[Site "Santiago de Cuba"]
[Date "2019.03.24"]
[Round "5.3"]
[White "Vispo Silega, Yadiel"]
[Black "Borroto Fajardo, Alian Alberto"]
[Result "0-1"]
[WhiteElo "2049"]
[BlackElo "2009"]
[PlyCount "76"]
[EventDate "2019.03.20"]
[EventType "tourn"]
[EventRounds "10"]
[EventCountry "CUB"]
[SourceTitle "EXT 2023"]
[Source "ChessBase"]
[SourceDate "2022.10.05"]
[SourceVersion "1"]
[SourceVersionDate "2022.10.05"]
[SourceQuality "1"]

1. e4 e6 2. d4 d5 3. e5 c5 4. c3 Qb6 5. Nf3 Nc6 6. Be2 Nh6 7. dxc5 Bxc5 8. 0-0 Ng4 9. Qe1 Ncxe5 10. Nxe5 Nxe5 11. b3 0-0 12. Bf4 Ng6 13. Bg3 Bd7 14. Nd2 Rfd8 15. Nf3 Bb5 16. Bxb5 Qxb5 17. Qd1 Rac8 18. Rc1 Qa6 19. Rc2 Bd6 20. Bxd6 Rxd6 21. Qd4 Qb6 22. Qxb6 Rxb6 23. g3 Rbc6 24. Rfc1 e5 25. Kf1 d4 26. c4 f6 27. Ke2 Ne7 28. Kd3 Nf5 29. Nd2 Nd6 30. a4 b6 31. b4 Nb7 32. Nb3 a5 33. b5 Nc5+ 34. Nxc5 Rxc5 35. Rf1 Kf7 36. f4 Ke6 37. fxe5 fxe5 38. g4 R5c7 0-1

[Event "Las Tunas 28 de Enero-B"]
[Site "Las Tunas"]
[Date "2019.01.21"]
[Round "10.2"]
[White "Borroto Fajardo, Alian Alberto"]
[Black "Fernandez Aguilera, Ibrain"]
[Result "1/2-1/2"]
[WhiteElo "2015"]
[BlackElo "1981"]
[PlyCount "126"]
[EventDate "2019.01.16"]
[EventType "tourn"]
[EventRounds "10"]
[EventCountry "CUB"]
[SourceTitle "EXT 2023"]
[Source "ChessBase"]
[SourceDate "2022.10.05"]
[SourceVersion "1"]
[SourceVersionDate "2022.10.05"]
[SourceQuality "1"]

1. d4 Nf6 2. Bf4 d6 3. e3 g6 4. Nf3 Bg7 5. Be2 c6 6. 0-0 Nbd7 7. h3 0-0 8. c4 Re8 9. Bh2 a6 10. Nc3 b5 11. cxb5 axb5 12. Qb3 h6 13. Rfd1 Qa5 14. Bd3 Nf8 15. e4 b4 16. e5 bxc3 17. exf6 Bxf6 18. Qxc3 Qxc3 19. bxc3 Ra3 20. Nd2 Be6 21. Ne4 Bg7 22. Rd2 f5 23. Ng3 Rxc3 24. a4 c5 25. Ne2 Rb3 26. Bb5 Ra8 27. Rc1 cxd4 28. Nxd4 Bxd4 29. Rxd4 Rc8 30. Rdd1 Rbc3 31. Rxc3 Rxc3 32. Ra1 Bd7 33. Bf1 g5 34. a5 Bc6 35. a6 Ba8 36. f3 Nd7 37. Bg3 e5 38. Bf2 d5 39. Rb1 Kf7 40. a7 Rc8 41. Ba6 Rh8 42. Bb5 Ke6 43. Bxd7+ Kxd7 44. Rb8 Rc8 45. Kf1 f4 46. h4 e4 47. hxg5 hxg5 48. Bd4 e3 49. Bf6 d4 50. Bxd4 Bd5 51. Rxc8 Kxc8 52. Bf6 g4 53. fxg4 f3 54. gxf3 Bxf3 55. g5 Kb7 56. Bd4 e2+ 57. Kf2 Bh5 58. Be3 Ka8 59. Ke1 Kb7 60. Bf2 Ka8 61. Kd2 Kb7 62. Kd3 e1Q 63. Bxe1 Kxa7 1/2-1/2

[Event "Las Tunas 28 de Enero-B"]
[Site "Las Tunas"]
[Date "2019.01.17"]
[Round "2.3"]
[White "Nunez Ferrales, Robert Andres"]
[Black "Borroto Fajardo, Alian Alberto"]
[Result "1-0"]
[WhiteElo "1870"]
[BlackElo "2015"]
[PlyCount "91"]
[EventDate "2019.01.16"]
[EventType "tourn"]
[EventRounds "10"]
[EventCountry "CUB"]
[SourceTitle "EXT 2023"]
[Source "ChessBase"]
[SourceDate "2022.10.05"]
[SourceVersion "1"]
[SourceVersionDate "2022.10.05"]
[SourceQuality "1"]

1. d4 Nf6 2. Nf3 d5 3. Bg5 e6 4. e3 c5 5. c3 Nbd7 6. Bd3 Qb6 7. Qb3 c4 8. Qxb6 axb6 9. Bc2 b5 10. 0-0 Bd6 11. a3 0-0 12. Nbd2 h6 13. Bf4 Bxf4 14. exf4 Re8 15. Rfe1 b6 16. g3 Bb7 17. Kg2 Bc6 18. h3 h5 19. Ne5 Nxe5 20. fxe5 Nd7 21. f4 g6 22. g4 hxg4 23. hxg4 Kg7 24. Rh1 Rh8 25. Nf3 Rxh1 26. Kxh1 Rh8+ 27. Kg2 Rg8 28. Ng5 Rh8 29. Kg3 Bb7 30. Rf1 Kf8 31. f5 gxf5 32. gxf5 Rg8 33. Kf4 exf5 34. Bxf5 Ke7 35. Nxf7 Kxf7 36. Bxd7 Ke7 37. Bh3 Rh8 38. Rf3 Bc6 39. e6 Bb7 40. Ke5 Bc8 41. Rf7+ Ke8 42. Bf5 Rh1 43. Kd6 Rh6 44. Rh7 Rxh7 45. Bxh7 Kd8 46. e7+ 1-0

[Event "Las Tunas 28 de Enero-B"]
[Site "Las Tunas"]
[Date "2019.01.16"]
[Round "1.2"]
[White "Borroto Fajardo, Alian Alberto"]
[Black "Parra Naranjo, Emiliano"]
[Result "1-0"]
[WhiteElo "2015"]
[BlackElo "2160"]
[PlyCount "99"]
[EventDate "2019.01.16"]
[EventType "tourn"]
[EventRounds "10"]
[EventCountry "CUB"]
[SourceTitle "EXT 2023"]
[Source "ChessBase"]
[SourceDate "2022.10.05"]
[SourceVersion "1"]
[SourceVersionDate "2022.10.05"]
[SourceQuality "1"]

1. d4 Nf6 2. Bf4 d6 3. e3 g6 4. Nf3 Bg7 5. Be2 0-0 6. 0-0 b6 7. h3 Bb7 8. Nbd2 c5 9. c3 Nbd7 10. a4 h6 11. a5 Qc7 12. axb6 axb6 13. Qb3 g5 14. Bh2 Bc6 15. c4 cxd4 16. Nxd4 Nc5 17. Qc2 Ba4 18. b3 Bd7 19. N2f3 e5 20. Nb5 Bxb5 21. cxb5 Qe7 22. b4 Ncd7 23. Rfd1 Rxa1 24. Rxa1 d5 25. Ra7 Qxb4 26. Nxe5 Nc5 27. Nc6 Qe1+ 28. Bf1 Nfe4 29. Qe2 Qc1 30. Ne7+ Kh8 31. Nf5 Nd2 32. Nxg7 Nxf1 33. Qxf1 Qxf1+ 34. Kxf1 Kxg7 35. Bc7 Ne6 36. Be5+ Kg6 37. Rb7 Kf5 38. Bb2 Rc8 39. Rxf7+ Ke4 40. Re7 Kd3 41. Rxe6 Rc2 42. Rxb6 Rxb2 43. g3 h5 44. Rb8 g4 45. hxg4 hxg4 46. b6 Rb1+ 47. Kg2 Ke2 48. b7 Ke1 49. Rg8 Rxb7 50. Rxg4 1-0

[Event "Adelquis Remon Memorial-D"]
[Site "Holguin"]
[Date "2018.12.04"]
[Round "9.1"]
[White "Borroto Fajardo, Alian Alberto"]
[Black "Martinez Mulet, Dario Leonel"]
[Result "1/2-1/2"]
[WhiteElo "2069"]
[BlackElo "2037"]
[PlyCount "84"]
[EventDate "2018.11.30"]
[EventType "tourn"]
[EventRounds "10"]
[EventCountry "CUB"]
[SourceTitle "EXT 2023"]
[Source "ChessBase"]
[SourceDate "2022.10.05"]
[SourceVersion "1"]
[SourceVersionDate "2022.10.05"]
[SourceQuality "1"]

1. d4 d5 2. Nf3 Nf6 3. c4 c6 4. g3 e6 5. Bg2 Nbd7 6. 0-0 Be7 7. Qc2 0-0 8. Nbd2 b6 9. e4 dxe4 10. Nxe4 Bb7 11. Rd1 Qc8 12. Bf4 Nxe4 13. Qxe4 c5 14. d5 Bf6 15. Qc2 exd5 16. cxd5 Re8 17. Ng5 Bxg5 18. Bxg5 Ne5 19. Qa4 Qf5 20. Qf4 Qxf4 21. Bxf4 Rad8 22. Bxe5 Rxe5 23. Rd2 Kf8 24. Rad1 g5 25. a4 Rd6 26. a5 b5 27. b3 c4 28. bxc4 bxc4 29. Rd4 Ba6 30. Bf1 c3 31. Bxa6 Rxa6 32. d6 Re8 33. Rc4 Rd8 34. d7 Rxa5 35. Rxc3 Re5 36. Rc7 a5 37. Ra7 Ke7 38. Kg2 h6 39. Ra1 Rxd7 40. R1xa5 Rxa5 41. Rxa5 Kf6 42. Ra6+ Kg7 1/2-1/2

[Event "Adelquis Remon Memorial-D"]
[Site "Holguin"]
[Date "2018.12.01"]
[Round "3.3"]
[White "Lavigne Lopez, Raul Leonardo"]
[Black "Borroto Fajardo, Alian Alberto"]
[Result "1/2-1/2"]
[WhiteElo "2109"]
[BlackElo "2069"]
[PlyCount "84"]
[EventDate "2018.11.30"]
[EventType "tourn"]
[EventRounds "10"]
[EventCountry "CUB"]
[SourceTitle "EXT 2023"]
[Source "ChessBase"]
[SourceDate "2022.10.05"]
[SourceVersion "1"]
[SourceVersionDate "2022.10.05"]
[SourceQuality "1"]

1. d4 Nf6 2. c4 c5 3. d5 b5 4. cxb5 a6 5. bxa6 g6 6. Nc3 Bg7 7. e4 0-0 8. Nf3 Qa5 9. Bd3 Nxd5 10. exd5 Bxc3+ 11. Kf1 Bg7 12. g3 Nxa6 13. Bd2 Qb6 14. Bc3 Nb4 15. Bc4 Ba6 16. Bxa6 Qxa6+ 17. Kg2 Qc4 18. Bxg7 Kxg7 19. d6 e6 20. a3 Nd3 21. b3 Qd5 22. Qc2 Ne5 23. Qc3 Qxf3+ 24. Qxf3 Nxf3 25. Kxf3 Rfb8 26. b4 cxb4 27. axb4 Rxa1 28. Rxa1 Rb6 29. b5 Rxd6 30. Rb1 Rb6 31. Ke4 Kf6 32. Kd4 d6 33. Kc4 Ke7 34. Kb4 Kd7 35. Rc1 Rb8 36. Ra1 Kc7 37. Ra7+ Rb7 38. Ra8 f5 39. Rh8 Kb6 40. Rd8 Kc7 41. Rh8 Kb6 42. Rd8 Kc7 1/2-1/2

[Event "Ciego de Avila Province-ch final"]
[Site "Ciego de Avila"]
[Date "2018.10.18"]
[Round "6"]
[White "Aragon Placencia, Jesus"]
[Black "Borroto Fajardo, Alian Alberto"]
[Result "1/2-1/2"]
[WhiteElo "2066"]
[BlackElo "1997"]
[PlyCount "69"]
[EventDate "2018.10.15"]
[EventType "tourn"]
[EventRounds "10"]
[EventCountry "CUB"]
[SourceTitle "EXT 2021"]
[Source "ChessBase"]
[SourceDate "2020.10.23"]
[SourceVersion "1"]
[SourceVersionDate "2020.10.23"]
[SourceQuality "1"]

1. e4 e6 2. Qe2 Nc6 3. Nf3 e5 4. g3 Nf6 5. Bg2 Bc5 6. 0-0 d6 7. c3 0-0 8. d3 h6 9. Be3 Bb6 10. c4 Bg4 11. h3 Nd4 12. Bxd4 Bxf3 13. Bxf3 Bxd4 14. Nc3 c6 15. Bg2 Nd7 16. Nd1 Nc5 17. Ne3 Ne6 18. Nf5 Bc5 19. Kh2 Nd4 20. Nxd4 Bxd4 21. f4 b5 22. cxb5 cxb5 23. f5 f6 24. Qc2 Kh8 25. Qb3 Qb6 26. Rac1 Rac8 27. Qe6 Rc6 28. Qd7 Rxc1 29. Rxc1 Bxb2 30. Rc8 Rxc8 31. Qxc8+ Kh7 32. Qe8 b4 33. Qg6+ Kh8 34. Qe8+ Kh7 35. Qg6+ 1/2-1/2

[Event "Francisco Martinez 8th tt"]
[Site "Santa Clara"]
[Date "2018.08.20"]
[Round "8.1"]
[White "Borroto Fajardo, Alian Alberto"]
[Black "Santander Valle, David A"]
[Result "0-1"]
[WhiteElo "1959"]
[BlackElo "2099"]
[PlyCount "68"]
[EventDate "2018.08.16"]
[EventType "team-tourn"]
[EventRounds "10"]
[EventCountry "CUB"]
[EventCategory "8"]
[SourceTitle "EXT 2021"]
[Source "ChessBase"]
[SourceDate "2020.10.23"]
[SourceVersion "1"]
[SourceVersionDate "2020.10.23"]
[SourceQuality "1"]

1. d4 Nf6 2. Nf3 g6 3. Bf4 Bg7 4. e3 d6 5. Be2 0-0 6. 0-0 Nc6 7. h3 Nd7 8. Nc3 e5 9. Bg5 f6 10. Bh4 g5 11. Bg3 f5 12. d5 Ncb8 13. e4 f4 14. Bh2 Rf7 15. a4 Bf8 16. b4 Rg7 17. Nd2 Nf6 18. f3 h5 19. Ncb1 g4 20. hxg4 hxg4 21. fxg4 Bxg4 22. Ra3 a5 23. b5 Nbd7 24. Bxg4 Nxg4 25. Rh3 Ne3 26. Qh5 Nxf1 27. Kxf1 Qg5 28. Qh8+ Kf7 29. g3 Nf6 30. gxf4 Qg2+ 31. Ke1 Qh1+ 32. Ke2 Qg2+ 33. Kd3 Be7 34. Qh4 Rh7 0-1

[Event "Francisco Martinez 8th tt"]
[Site "Santa Clara"]
[Date "2018.08.20"]
[Round "9.1"]
[White "Gonzalez Arredondo, Lazaro A"]
[Black "Borroto Fajardo, Alian Alberto"]
[Result "0-1"]
[WhiteElo "2062"]
[BlackElo "1959"]
[PlyCount "128"]
[EventDate "2018.08.16"]
[EventType "team-tourn"]
[EventRounds "10"]
[EventCountry "CUB"]
[EventCategory "8"]
[SourceTitle "EXT 2021"]
[Source "ChessBase"]
[SourceDate "2020.10.23"]
[SourceVersion "1"]
[SourceVersionDate "2020.10.23"]
[SourceQuality "1"]

1. e4 e6 2. d4 d5 3. Nd2 c5 4. exd5 Qxd5 5. Ngf3 cxd4 6. Bc4 Qd7 7. 0-0 Nc6 8. Nb3 Nf6 9. Nbxd4 Nxd4 10. Nxd4 a6 11. Re1 Bc5 12. Be3 Qc7 13. Bb3 0-0 14. Qe2 b6 15. c3 Bb7 16. Rad1 Rfd8 17. Bg5 Bxd4 18. cxd4 Qc6 19. f3 Rac8 20. Qf2 Qb5 21. Qh4 Qf5 22. Re5 Qg6 23. Kh1 h6 24. Bxf6 gxf6 25. Re2 Bd5 26. h3 Bxb3 27. axb3 Rd5 28. f4 Kh7 29. Qf2 Rb5 30. Qf3 Rc2 31. Rxc2 Qxc2 32. Qd3+ Qxd3 33. Rxd3 Kg6 34. g4 f5 35. Kg2 fxg4 36. hxg4 h5 37. gxh5+ Kxh5 38. Kg3 Kg6 39. Kg4 Rb4 40. d5 f5+ 41. Kg3 exd5 42. Rxd5 Rxb3+ 43. Kh4 Rxb2 44. Rd6+ Kf7 45. Kg5 Rb5 46. Rf6+ Ke7 47. Kg6 a5 48. Rf7+ Kd8 49. Kf6 a4 50. Ke6 Kc8 51. Kd6 Rc5 52. Ra7 Ra5 53. Rf7 a3 54. Kc6 Kd8 55. Kd6 Ke8 56. Re7+ Kf8 57. Re1 Rb5 58. Ra1 Rb3 59. Ke6 b5 60. Kxf5 b4 61. Kf6 Rb2 62. Rd1 Ke8 63. Re1+ Kd7 64. Rd1+ Kc6 0-1